| 000 | 01057nam a2200265Ia 4500 | ||
|---|---|---|---|
| 003 | OSt | ||
| 005 | 20221005110837.0 | ||
| 006 | a|||||r|||| 00| 0 | ||
| 007 | ta | ||
| 008 | 221004b |||||||| |||| 00| 0 hin d | ||
| 020 |
_a9788126707201 (hbk) _c395 |
||
| 024 | _a21361 | ||
| 037 |
_bCBS/248, 28/01/2015, Classic Book Service _cTextual |
||
| 040 |
_aCRL _cCRL _bhin |
||
| 041 |
_2hin _ahin |
||
| 082 | _aV2:2.P1, 152Q3 | ||
| 100 | _aकाश्यप, सुभाड्ढ | ||
| 245 | 0 | _aभारतीय राजनीति और संविधानःविकास,विवाद निदान | |
| 246 | _aBhāratīya rājanīti aur sanvidhānahvikāsa,vivād nidāna | ||
| 260 |
_aनई दिल्ली _bराजकमल प्रकाशन भारत _c2013 |
||
| 300 |
_a223पृ0 _ccm. |
||
| 650 | _aविश्व-इतिहास | ||
| 942 |
_hV2:2.P1, 152Q3 _cTEXL _2cc |
||
| 999 |
_c1020042 _d1020042 |
||